[Event "FRA-ch Blitz Online Qual"]
[Site "Europe Echecs INT"]
[Date "2020.05.16"]
[Round "14"]
[White "Senegas, Pascal"]
[Black "Neau, Julien"]
[Result "0-1"]
[WhiteElo "1654"]
[BlackElo "1916"]
[PlyCount "136"]
[EventDate "2020.05.16"]
[EventType "swiss (blitz)"]
[EventRounds "15"]
[EventCountry "FRA"]
[SourceTitle "CBM 196 Extra"]
[Source "ChessBase"]
[SourceDate "2020.07.31"]
[SourceVersion "1"]
[SourceVersionDate "2020.07.31"]
[SourceQuality "1"]

1. Nf3 Nf6 2. c4 g6 3. Nc3 Bg7 4. d4 0-0 5. e3 d6 6. Bd3 Nbd7 7. 0-0 c6 8. b3 e5 9. dxe5 dxe5 10. Bb2 Nc5 11. Bc2 Qe7 12. Qe2 a5 13. Rfd1 e4 14. Nd2 Bg4 15. f3 exf3 16. gxf3 Bh3 17. Nce4 Nfxe4 18. Bxg7 Qg5+ 19. Kh1 Kxg7 20. Nxe4 Nxe4 21. Bxe4 Rad8 22. Rg1 Qf6 23. Rad1 Qc3 24. Rc1 Qd2 25. Qxd2 Rxd2 26. Rc2 Rfd8 27. Rxd2 Rxd2 28. Ra1 Re2 29. Kg1 Rg2+ 30. Kh1 Re2 31. Kg1 Rxe3 32. Kf2 Rc3 33. Kg3 Be6 34. Rd1 f5 35. Bb1 Kf6 36. h4 a4 37. Kf4 axb3 38. axb3 Rxb3 39. Bc2 Rb4 40. Bd3 Bxc4 41. Bxc4 Rxc4+ 42. Kg3 Ke6 43. Rb1 b5 44. Kh3 c5 45. Kg3 b4 46. Kf2 Kd5 47. Kg3 Rc3 48. Kf4 b3 49. Kg5 Rxf3 50. Kh6 Rh3 51. Kxh7 g5 52. Kg6 gxh4 53. Kxf5 c4 54. Kg4 Rh2 55. Rd1+ Kc5 56. Rb1 Kb4 57. Re1 b2 58. Rf1 Kb3 59. Re1 c3 60. Rf1 Rc2 61. Kxh4 Rc1 62. Rf3 b1Q 63. Kg3 Qg6+ 64. Kf2 Rc2+ 65. Ke3 Qe6+ 66. Kf4 Qf6+ 67. Ke3 Qe5+ 68. Kd3 Rd2# 0-1

[Event "FRA-ch Blitz Online Qual"]
[Site "Europe Echecs INT"]
[Date "2020.05.16"]
[Round "13"]
[White "Sumarriva Paulin, Laura"]
[Black "Senegas, Pascal"]
[Result "0-1"]
[WhiteElo "2023"]
[BlackElo "1654"]
[PlyCount "82"]
[EventDate "2020.05.16"]
[EventType "swiss (blitz)"]
[EventRounds "15"]
[EventCountry "FRA"]
[SourceTitle "CBM 196 Extra"]
[Source "ChessBase"]
[SourceDate "2020.07.31"]
[SourceVersion "1"]
[SourceVersionDate "2020.07.31"]
[SourceQuality "1"]

1. d4 d5 2. c4 e6 3. Nc3 Nf6 4. cxd5 Nxd5 5. e4 Nxc3 6. bxc3 Be7 7. Nf3 0-0 8. Bd3 Nd7 9. 0-0 b6 10. a4 Bb7 11. Re1 c5 12. a5 Qc7 13. Bb2 Rfd8 14. e5 cxd4 15. cxd4 Bd5 16. Rc1 Qb7 17. a6 Qb8 18. Bb1 Rc8 19. Qd3 g6 20. Qe3 Rxc1 21. Bxc1 Qc8 22. Bd3 Bc4 23. Be4 Bd5 24. Bxd5 exd5 25. Qb3 Qc4 26. Qxc4 dxc4 27. d5 Bc5 28. e6 fxe6 29. dxe6 Nf6 30. Bg5 Ng4 31. Bh4 Re8 32. h3 Nh6 33. g4 Kg7 34. Re5 Bd6 35. Re4 b5 36. Nd4 Rb8 37. Nc6 Re8 38. Nxa7 b4 39. Nc6 b3 40. Rxc4 Rxe6 41. Na7 b2 0-1